Normal view MARC view

Entry Personal Name

Number of records used in: 5

001 - CONTROL NUMBER

  • control field: 9887

003 - CONTROL NUMBER IDENTIFIER

  • control field: DLC

005 - DATE AND TIME OF LATEST TRANSACTION

  • control field: 20231109162409.0

008 - FIXED-LENGTH DATA ELEMENTS

  • fixed length control field: 070301n| acannaabn |b aaa

010 ## - LIBRARY OF CONGRESS CONTROL NUMBER

  • LC control number: n 2006203687
  • Canceled/invalid LC control number: no2008110192

035 ## - SYSTEM CONTROL NUMBER

  • System control number: (OCoLC)oca07342831

040 ## - CATALOGING SOURCE

  • Original cataloging agency: DLC
  • Language of cataloging: eng
  • Transcribing agency: DLC
  • Modifying agency: PU-ME
  • Modifying agency: OCoLC
  • Modifying agency: DLC
  • Modifying agency: PU-ME

100 1# - HEADING--PERSONAL NAME

  • Personal name: Ibn ʻAbdul-Maujood, Salaahud-Deen ibn ʻAlee

400 1# - SEE FROM TRACING--PERSONAL NAME

  • Personal name: Ibn ʻAbd al-Mawjūd, Ṣalāḥ al-Dīn ibn ʻAlī

400 1# - SEE FROM TRACING--PERSONAL NAME

  • Personal name: Abdul Mawjood, Salahuddin Ali

400 1# - SEE FROM TRACING--PERSONAL NAME

  • Personal name: Mawjood, Salahuddin Ali Abdul

400 1# - SEE FROM TRACING--PERSONAL NAME

  • Personal name: Abdul-Mawjûd, Salâhud-Dîn ʻAlî

400 1# - SEE FROM TRACING--PERSONAL NAME

  • Personal name: ʻAbd al-Mawjūd, Ṣalāḥ al-Dīn ʻAlī

400 1# - SEE FROM TRACING--PERSONAL NAME

  • Personal name: ابن عبد الموجود، صلاح الدين بن علي

400 1# - SEE FROM TRACING--PERSONAL NAME

  • Personal name: ʻAbdul-Mawjood, Salaahuddeen ʻAlee

400 1# - SEE FROM TRACING--PERSONAL NAME

  • Personal name: Abdul-Mawjood, Salaahud-deen ʻAli

400 1# - SEE FROM TRACING--PERSONAL NAME

  • Personal name: عبد الموجود، صلاح الدين علي

670 ## - SOURCE DATA FOUND

  • Source citation: The biography of Sufyaan Ath-Thauree, 2005:
  • Information found: t.p. (Salaahud-Deen ibn ʻAlee Ibn ʻAbdul-Maujood)

670 ## - SOURCE DATA FOUND

  • Source citation: The biography of Imam Ahmad bin Hanbal, c2006:
  • Information found: t.p. (Salahuddin Ali Abdul Mawjood)

670 ## - SOURCE DATA FOUND

  • Source citation: The biography of Imâm ibn al-Qayyim, 2006:
  • Information found: t.p. (Salâhud-Dîn ʻAlî Abdul-Mawjûd)

670 ## - SOURCE DATA FOUND

  • Source citation: The biography of Imām Aboo Dawood Sijistani, 2006:
  • Information found: t.p. (Salaahuddeen ʻAlee ʻAbdul-Mawjood)

670 ## - SOURCE DATA FOUND

  • Source citation: The biography of Imâm az-Zuhri, 2006:
  • Information found: t.p. (Salaahud-deen ʻAli Abdul-Mawjood)

Powered by Koha